| 000 | 00745nam a2200229 a 4500 | ||
|---|---|---|---|
| 999 |
_c10553 _d10553 |
||
| 001 | 10553 | ||
| 003 | BD-JhCC | ||
| 005 | 20180710114932.0 | ||
| 008 | 180710s2017 bg |||| |||| 000 0 ben d | ||
| 020 | _a9847025403086 | ||
| 035 | _a(BD-JhCC)10553 | ||
| 040 |
_aBD-JhCC _dBD-JhCC |
||
| 041 | _aben | ||
| 082 |
_a891.4415 _bSHA 2017 |
||
| 100 | _aশামস, ইভানা | ||
| 245 |
_aধোঁয়া ধোঁয়া শেষ ছোঁয়া / _cইভানা শামস |
||
| 260 |
_aঢাকা : _bদি রয়েল পাবলিশার্স, _c২০১৭. |
||
| 300 |
_a৬৪ পৃ. : _c১৯ সেমি. |
||
| 650 | _aBengali Poetry | ||
| 650 | _aবাংলা কবিতা | ||
| 942 |
_2ddc _cBK |
||